000 00414nam a22001697a 4500
003 MACL
005 20160105155309.0
008 160105b xxu||||| |||| 00| 0 eng d
040 _cMACL
041 _aEnglish
082 _a740/FON
100 _aFonseka,Lionel De
_928190
245 _aOn The Truth of Decorative Art
260 _aLondon
_bA.C.Fifield
_c1913
650 _aDecorative Art
_98433
942 _2ddc
_cBK
999 _c52049
_d52049